Objektivizácia súčasného rozvoja produkčných systémov vo svetle štíhleho a inovatívneho podniku
Objektivizávcia súčasného rozvoja produkčných systémov v malom a strednom podnikaní s dôrazom na inovatívny podnik. Zdokonaľovanie podnikania a kategórie nadbytočnosti. Princípy štíhleho manažmentu.
Salvato in:
| Autore principale: | |
|---|---|
| Natura: | Capitolo di libro |
| Lingua: | slovacco |
| Soggetti: | |
| Tags: |
Nessun Tag, puoi essere il primo ad aggiungerne!!
|
MARC
| LEADER | 00000naa$a2200000$$$4500 | ||
|---|---|---|---|
| 001 | 0226339 | ||
| 005 | 20240502073723.6 | ||
| 041 | 0 | |a slo | |
| 044 | |a SK | ||
| 245 | 1 | 0 | |a Objektivizácia súčasného rozvoja produkčných systémov vo svetle štíhleho a inovatívneho podniku |c Andrej Dupaľ |
| 520 | |a Objektivizávcia súčasného rozvoja produkčných systémov v malom a strednom podnikaní s dôrazom na inovatívny podnik. Zdokonaľovanie podnikania a kategórie nadbytočnosti. Princípy štíhleho manažmentu. | ||
| 610 | 2 | 0 | |a podnik malý |
| 610 | 2 | 0 | |a podnik stredný |
| 610 | 2 | 0 | |a stratégia podniková |
| 610 | 2 | 0 | |a stratégia inovačná |
| 610 | 2 | 0 | |a manažment štíhly |
| 610 | 2 | 0 | |a inovácia |
| 610 | 2 | 0 | |a ciele podnikové |
| 100 | 1 | |a Dupaľ, Andrej | |